[Event "36th Olympiad"]
[Site "Calvia ESP"]
[Date "2004.10.24"]
[Round "9"]
[White "Anand, Viswanathan"]
[Black "Morozevich, Alexander"]
[Result "1-0"]
[WhiteElo "2781"]
[BlackElo "2758"]
[Annotator "Ubilava, E"]
[PlyCount "89"]
[EventDate "2004.10.15"]
[Source "EDAMI"]
[SourceDate "2006.12.20"]

{Probablemente este encuentro tuvo un impacto emocional mucho mayor sobre el
mundo del ajedrez y sobre los jugadores, que el propio impacto deportivo,
donde sólo hay un punto en disputa. Por ejemplo, después de esta derrota,
Morozevich no pudo jugar en el equipo durante dos rondas consecutivas y el
vencedor tampoco tuvo ganas de jugar contra el equipo cubano en la siguiente
ronda. El fondo emocional de la partida fue tremendo. Desde el principio,
Morozevich plantó cara a su peligrosísimo adversario, planteando la estructura
"erizo" y llevando todo el peso del encuentro al medio juego. Prácticamente
los dos jugadores se vieron obligados a adentrarse en una jungla variantes,
guiándose sólo por la intuición y en la secuencia que se produjo a partir de
la jugada 25, ambos jugadores parecían obligados a balancearse en un puente
colgante, donde solo uno podía sobrevivir. El gran maestro ruso dejó  escapar
su oportunidad con 25... d5, aunque probablemente existan otras posibilidades
para las negras, obteniendo una posición aceptable. Pero ni siquiera los
potentes ordenadores tienen claro dónde se pasa la frontera entre lo razonable
y la locura. Por su parte, también las blancas podían jugar mejor, por ejemplo
en vez de 30.Qe2 parece más fuerte 30.Qe1.   Después de la partida, Vishy me
confesó que cuando vio la jugada Nf4 casi empezó volar y es lo que también
indica la enorme tensión emocional que acompaña a los grandes encuentros, pero
que normalmente queda fuera de la visión del público. Quizás si alguien
pudiese inventar un aparato que  reflejase el fondo emocional de nuestro juego,
el ajedrez se convertiría en el deporte más popular del mundo.} 1. e4 c5 2. Nf3
a6 3. c4 {
Casi nadie tiene ganas de entrar en polémicas con las negras después de} (3. d4
cxd4 4. Nxd4 e5) 3... e6 4. Nc3 Qc7 5. d4 cxd4 6. Nxd4 Nf6 7. a3 b6 {Supongo qu
e sólo ahora descubrió Vishy el planteamiento de su rival, quien deseaba
entrar en las estructuras del erizo.} 8. Be3 Bb7 9. f3 Nc6 {Normalmente el
caballo no está muy cómodo en la casilla c6, asi que más natural sería jugar} (
9... d6 {desarrollando el caballo por la casilla d7.}) 10. Be2 Ne5 11. Na4 ({
También es viable} 11. Rc1) 11... Rb8 12. Rc1 Be7 13. b4 d6 14. O-O ({
Las blancas no pueden ni soñar con saltos como} 14. Nb5 $2 axb5 15. cxb5 Qd7
16. Nxb6 Qd8 {con clara ventaja para las negras.}) 14... O-O 15. Qd2 Ba8 16.
Nb3 Kh8 {El gran maestro ruso empieza a preparar el plan que las negras suelen
utilizar para romper el eje f3-e4, torpedeando con el peón "g", aunque con
ello también abren la posición de su monarca.} 17. Rfd1 Rg8 18. Bd4 {Las blanca
s por su parte trasladan el alfil a la gran diagonal y quieren romper el
flanco de dama por medio de su peón "c".} Ned7 19. Qe3 Qc6 20. Nb2 (20. b5 $6
Qb7 {deja un agujero en la casilla c5.}) 20... e5 21. Bc3 g5 {Las negras
an sus operaciones agresivas aprovechando que aún no es posible la jugada
c4-c5.} 22. h3 ({No convence} 22. b5 Qc8 23. bxa6 {por} Nc5) ({En caso de} 22.
Nd2 g4 23. Nf1 gxf3 24. Bxf3 Nxe4 25. Ng3 Rxg3 ({una variante de locura es} 
25... f5 26. Nxf5 Bg5 27. Qe1 Bxc1 28. Rxd6 Qxd6 29. Nxd6 Nxc3 30. Bxa8 Bxb2
31. Bc6 {!pero no me pregunten quién está mejor!}) 26. hxg3 Rg8 {
las negras tienen compensación.}) 22... h5 23. Nd3 g4 24. hxg4 hxg4 25. c5 {
El gran maestro indio sabe perfectamente que debe empezar cuanto antes su
contrajuego y prefiere sacrificar  material que pensar solo en la defensa
después de} (25. Nf2 gxf3 26. Bxf3 Rg6) 25... gxf3 26. Bxf3 bxc5 27. Na5 ({
Otra opción era} 27. Nbxc5 Qb6 (27... dxc5 28. Qh6+ Nh7 29. Nxe5 Nxe5 (29...
Qxh6 30. Nxf7# $3) 30. Bxe5+ f6 31. Bxb8 Rxb8 32. Rd5 {
y las blancas deben estar algo mejor en esta posición.}) 28. Qh6+ Nh7 29. Nf2
Nxc5 30. bxc5 Qxc5 31. Bb4 Qb6 32. Bxd6 Rg7 33. Rc7 Bxd6 34. Qxd6 Qxd6 35. Rxd6
Ng5 36. Kf1 f5 {y esto puede llevar a la igualdad.}) 27... Qb5 (27... Qc8 28.
Nc4) 28. a4 Qxa4 29. bxc5 Ng4 $1 {
Anand indicó que infravaloró las consecuencias de este salto.} 30. Qe2 $6 ({
No sirve} 30. Bxg4 Rxg4 31. c6 Bg5 ({mejor que} 31... Qxe4 32. Qxe4 Rxe4 33.
cxd7 Rg8 34. Rc2 Reg4 35. Ne1) 32. Qh3+ Rh4 33. Qxd7 Qxe4 34. Nf2 Be3 {
con gran iniciativa para las negras.}) (30. Qe1 $1 {
era la jugada que otorgaba la ventaja al jugador indio, por ejemplo:} Qa2 31.
Qg3 (31. cxd6 Bd8) 31... Ndf6 32. cxd6 Bd8 33. Nxe5 Bb6+ 34. Bd4 Bxd4+ 35. Rxd4
{y las blancas destrozan la posición de su adversario.}) 30... Ndf6 31. Ra1 Qb5
({Después de} 31... Qe8 32. cxd6 Bxd6 33. Nc4 Bc7 {las blancas ganan con} 34.
Bxg4 $1 Nxg4 35. Ndxe5 Nxe5 36. Qh5+ Kg7 37. Nxe5) 32. Rd2 {diagrama.} Rbc8 $6
(32... d5 $3 {Quizás a Morozevich no se le ocurrió esta jugada sobre el
tablero, porque debilita tremendamente la gran diagonal, pero curiosamente la
situación del rey blanco es más vulnerable} 33. Rb2 (33. Bxg4 Bxc5+ $1 (33...
d4) 34. Kf1 Nxe4 35. Bxe5+ f6) 33... Bxc5+ 34. Kf1 dxe4 $1 35. Rxb5 exd3 36.
Qxd3 axb5 37. Bxa8 Rxa8 {con ventaja para las negras en ambas variantes.}) 33.
Rb2 Qd7 34. Nc4 Qe6 35. Nb6 {Vishy consigue su meta, las piezas blancas
empiezan a coordinar con la máxima armonía y anulan la actividad de su
oponente.} dxc5 (35... Rcd8 36. Nxa8 Rxa8 37. Rb6 {
otorga ventaja a las blancas.}) 36. Nxc8 Rxc8 {diagrama.} 37. Nf4 $1 {
A partir de este momento, el daño que  producen las piezas blancas esirreparabl
e.} Qd7 38. Rd2 Qa7 39. Rxa6 Qb7 40. Bxg4 Nxg4 41. Qxg4 Qxa6 42. Bxe5+ f6 43.
Ng6+ Kh7 44. Nxe7 fxe5 45. Nxc8 {!La impresión final es similar a como si
sobre el tablero hubiera pasado un huracán!} 1-0

[Event "36th Olympiad"]
[Site "Calvia ESP"]
[Date "2004.10.24"]
[Round "9"]
[White "Vaganian, Rafael A"]
[Black "Ponomariov, Ruslan"]
[Result "1-0"]
[WhiteElo "2640"]
[BlackElo "2710"]
[Annotator "Rahal, M"]
[PlyCount "101"]
[EventDate "2004.10.15"]
[Source "EDAMI"]
[SourceDate "2006.12.20"]

{A continuación presentamos a nuestros lectores dos partidas del GM Rafael
Vaganian, integrante de la selección de Armenia, medalla de bronce en la
Olimpiada. Rafael, que cumplió 53 años durante la Olimpiada, ganó la medalla
de oro en el  tercer tablero, con una puntuación de +6, 8.5 de 11 partidas, y
un Rating Performance de 2818. No perdió ninguna partida, y venció a
destacados maestros del tablero. En esta partida, Vaganian despacha a todo un
Campeón del Mundo, Ruslan Ponomariov, en brillante estilo combinativo.} 1. Nf3
c5 2. c4 Nc6 3. Nc3 Nf6 4. e4 d6 5. d4 cxd4 6. Nxd4 g6 {Por  transposición de
jugadas hemos llegado a la posición principal de la Variante del Dragón
Acelerado de la Defensa Siciliana, donde las blancas han escogido la
Estructura Maroczy.} 7. Be2 Nxd4 {Ponomariov practica el Sistema Gurgenidze,
cambiando caballos en d4 antes de que las blancas jueguen Be3.} 8. Qxd4 Bg7 9.
Be3 {La alternativa es 9.Bg5 que se considera algo más fuerte, pues en algunas
variantes el peón de e7 puede ser una debilidad.} O-O 10. Qd2 Be6 11. Rc1 Qa5
12. f3 Rfc8 13. b3 a6 14. Na4 Qxd2+ 15. Kxd2 Nd7 16. g4 {Todas estas jugadas
fueron realizadas a gran velocidad, ya que esta posición es bien conocida por
la teoría. Se considera que las negras no tienen problemas para igualar, a
pesar de tener una posición algo restringida.} f5 17. gxf5 {Vaganian se aparta
de lo más conocido, que es 17.exf5 gxf5 18.h3 seguido de 19.f4 con ligera
ventaja posicional.  No obstante la jugada del  armenio ya se ha empleado con
anterioridad.} gxf5 18. Rhg1 Kh8 19. Bd3 Ne5 {El momento clave de la partida.
Ponomariov  sin duda conocía el sacrificio de calidad que sigue a continuación,
pero posiblemente creía que era malo.} (19... Rf8 $5 {
quizás sea una mejora sobre la jugada de la partida.}) 20. Rxg7 $5 Kxg7 21. Bd4
{Las blancas amenazan f4 ganando pieza, además de Nb6 y exf5. La compensación
por la calidad parece clara, ya que el rey negro está demasiado expuesto, y
las piezas blancas están muy activas.} Rf8 {La novedad de Ponomariov, pero la
continuación de la partida no invita al optimismo. Parece que Rf8 evita 22.f4
por 22...fxe4 con doble ataque al peón de f4 y  al alfil de d3, pero
seguramente Vaganian ya había analizado esta idea con anterioridad.
Probablemente 19...Ne5?! no se repetirá en el  futuro.} ({Se había jugado} 
21... fxe4 22. Bxe4 Rf8 {para evitar f4} 23. Ke3 $1 Kf7 24. Bxe5 dxe5 25. Bxb7
Ra7 26. Be4 {La ventaja blanca es evidente: peón pasado en c4, piezas muy
activas y numerosas debilidades en la estructura de peones negra.} Ke8 27. Bxh7
Rh8 28. Bg6+ Bf7 29. Bxf7+ Kxf7 30. Rc2 $18 {Rotstein,A-Vogt,L. AUT-chT 2002})
22. f4 $1 fxe4 23. fxe5 exd3 24. exd6+ $16 {Ahora caerá el peón de e7 y el
caballo entrará en acción por c5 o b6. Las blancas tienen clara ventaja y
juegan el resto de la partida con mucha energía.} Kf7 ({Si} 24... Kh6 25. Re1
$1 $16) 25. Rf1+ Ke8 26. Re1 $1 Rf4 27. Rxe6 (27. Nc5 $1 {
era muy fuerte también.}) 27... Rxd4 28. Nb6 $18 {
La entrada del caballo es decisiva.} Rd8 29. Rxe7+ Kf8 {#} 30. c5 $1 (30. Nd7+
Rxd7 31. Rxd7 b6 32. Rxh7 Rxd6 33. Rh3 {
también gana, pero la jugada de Vaganian es más elegante.}) 30... Kg8 31. Nd7
Rf4 32. Ne5 Rd4 ({Igualmente si} 32... Rh4 33. Rxb7 Rxh2+ 34. Kxd3 Rxa2 35. d7
{seguido de Nc6 ganando}) 33. Nxd3 b6 34. b4 a5 35. Ke3 bxc5 36. bxc5 Rh4 37.
Ne5 (37. Nf4 {seguido de Ne6 es más rápido.}) 37... Rxh2 38. Nc6 Ra8 39. d7 {
Finalmente el peón pasado le cuesta a las negras la torre y las blancas
cuentan aún con su peón "c" para la victoria. El resto de la partida no merece
comentarios. Ponomariov bien pudo haber abandonado aquí.} Kf8 40. Re4 Rxa2 41.
Rf4+ Kg7 42. d8=Q Rxd8 43. Nxd8 a4 44. Rc4 a3 45. c6 Ra1 46. c7 a2 47. c8=Q
Re1+ 48. Kf2 Rf1+ 49. Kxf1 a1=Q+ 50. Kg2 Qa2+ 51. Kh3 {Excelente partida de
Vaganian. No se debe perder de vista que el jugador de las negras era Ruslan
Ponomariov, ciertamente en baja forma, pero no obstante ex-campeón del mundo
FIDE.} 1-0

[Event "36th Olympiad"]
[Site "Calvia ESP"]
[Date "2004.10.28"]
[Round "13"]
[White "Lautier, J."]
[Black "Akopian, Vladimir"]
[Result "1-0"]
[WhiteElo "2682"]
[BlackElo "2692"]
[Annotator "Ubilava, E"]
[PlyCount "93"]
[EventDate "2004.10.15"]
[Source "EDAMI"]
[SourceDate "2006.12.20"]

{Por los errores se paga, sea cual sea su naturaleza, aunque es más fácil
detectar los errores de carácter táctico, porque tienen consecuencias
inmediatas.   Sin embargo, los errores posicionales o estratégicos se revelan
mucho más tarde y a veces es más difícil entender dónde hemos cometido el
fallo, para al menos intentar corregirlo para los siguientess encuentros. En
la presente partida, Akopian intenta mejorar una de las variantes de la
Semi-eslava con la introducción de 17...Rd8, tomando control de la columna "d"
y doblando los peones de su rival en el flanco de dama. A cambio, las negras
permiten formar un peón pasado y defendido en el centro, lo que afecta
directamente a la seguridad de su rey, porque cualquier penetración de las
piezas pesadas blancas en el campo adversario podía ser decisiva. La seguridad
del rey es un factor principal y determinante en los conceptos ajedrecísticos
y normalmente tiene consecuencias irreversibles en la partida, por eso la
decisión de permitir crear la estructura con el tandem de peones f5-e6 fue un
error estratégico y naturalmente, las negras no pudieron aguantar la presión
de las piezas blancas.} 1. d4 d5 2. c4 c6 3. Nf3 Nf6 4. e3 e6 5. Bd3 dxc4 {
?Por qué tanta prisa para este cambio? De todas formas, finalmente la posición
transpone.} 6. Bxc4 Nbd7 7. O-O Bd6 8. Nc3 O-O 9. e4 e5 10. Be3 Qe7 11. Bb3
exd4 ({Me parece que una alternativa viable sería seguir la línea} 11... b5 12.
Re1 Bb7 {y si} 13. Nh4 {entonces} g6) 12. Bxd4 Ne5 13. Nxe5 Bxe5 14. Bxe5 Qxe5
15. f4 Qc5+ 16. Kh1 Be6 17. e5 ({
En la partida Ivanchuk-Shirov, en Montecatini Terme 2000, sucedió} 17. Bxe6
fxe6 18. Qb3 Rae8 19. e5 Ng4 20. g3 $3 {
(Shirov) con pequeña ventaja para las blancas.}) 17... Rad8 {
Con esta jugada las negras pretenden igualar la partida.} 18. Qf3 Bxb3 19. axb3
Nd5 20. Ne4 Qb6 ({
Intenté buscar alguna fortaleza para las negras en la variante} 20... Qe3 21.
Nd6 Qxf3 22. Rxf3 Rxd6 23. exd6 a6 24. Re1 Rd8 25. d7 Kf8 26. Re8+ Rxe8 27.
dxe8=Q+ Kxe8 {pero dudo que puedan aguantar esa posición.}) 21. Rae1 $1 ({
Quizás el gran maestro armenio sólo  consideraba como amenaza la entrada del
caballo en} 21. Nd6 {pero después de} a6 {las negras pueden elegir el momento
adecuado para sacrificar la calidad en d6 y recibir una posición satisfactoria.
Sin embargo, las intenciones de las blancas son poner en marcha sus peones "e"
y "f" y comenzar el ataque contra el rey negro. Esa circunstancia obliga a las
negras a tomar medidas, lo que tiene consecuencias negativas a largo plazo.})
21... f6 $6 {Probablemente esta ruptura estaba preparada de antemano y Akopian
estaba dispuesto a jugar la estuctura que ahora surgirá. No vale} (21... Qc7
22. Qg3 f6 23. exf6 Nxf6 {por} 24. Ng5) 22. e6 Ne7 23. f5 Rd5 24. Ng3 Qd4 {
Las negras de momento mantienen  controlada la única columna abierta y no
permiten que las piezas blancas empiecen inmediatamente el ataque a su rey,
porque deben defender el peón b2. Pero el factor del peón pasado y defendido
en e6, es tan importante que las blancas pueden incrementar la presión poco a
poco.} ({En caso de} 24... Rfd8 25. Qg4 Rd4 26. Qh5 Rf8 27. Rd1 Rxd1 28. Qxd1
Rd8 29. Qh5 Rf8 30. Qg4 {las blancas consiguen ventaja decisiva.}) 25. Re2 Rfd8
26. h3 Qh4 {Akopian decide trasladar su dama a h6 y acercar el rey al centro
para defender el caballo. Pero aunque con esa medida, las negras evitan el
ataque en el flaco del rey, a cambio debilitan su flanco de dama, donde fija
la mirada la dama blanca.} 27. Re4 Qh6 28. Rfe1 {
Lautier consolida su posición para empezar la segunda parte de su plan.} ({
Es prematuro} 28. Qf2 Rd3 29. Kh2 Rxb3) 28... Kf8 29. Kh2 a6 {diagrama.} 30.
Qf2 $1 Ke8 ({
El gran maestro armenio no puede impedir la penetración de la dama con} 30...
Qd2 31. R1e2 (31. Qa7 Rb5) 31... Qd3 32. Qf4 Rb5 (32... Qxb3 33. Rb4) 33. Qg4
Kg8 34. Nh5 Qd6+ 35. g3 {y las blancas ganan.}) 31. Qa7 Rd2 ({Parece que} 31...
Rb5 {defiende la posición, pero no es así por} 32. Rd4 Nd5 (32... Rxd4 33. Qxd4
Nd5 34. Qa7) 33. e7 Rc8 ({pierde} 33... Nxe7 34. Rxd8+ Kxd8 35. Qb8+ Nc8 36.
Re6 Rd5 37. Qxb7) 34. Rg4 {
y el caballo blanco está preparado para entrar en d6 a través de la casilla e4.
}) 32. Qxb7 Rxb2 33. R1e3 {Esto no es necesario. Después de} (33. Ra4 $1 Rdd2
34. Re2 {la partida termina inmediatamente.}) 33... g6 {Prácticamente las
negras reconocen su derrota, porque su posición está en ruinas.} 34. Qa7 Rbd2
35. Rb4 Qg7 36. Ne4 R2d5 37. Rb7 Kf8 (37... Rxf5 {pierde enseguida por} 38.
Nd6+ Rxd6 39. Rb8+ Rd8 40. Rxd8+ Kxd8 41. Qd7#) 38. Rf3 g5 39. Rb8 Ng8 40. Rb7
{Una repetición para ganar tiempo.} Ne7 41. Rb8 Ng8 42. Qb6 Qe7 43. Rb7 Rb5 44.
Rxe7 Rxb6 45. Rxh7 Rb4 46. Nc5 Ke8 47. Nxa6 {No se si los demás compartirán mi
conclusión, pero las blancas deben buscar algo diferente en esta variante.} 1-0

[Event "36th Olympiad"]
[Site "Calvia ESP"]
[Date "2004.10.28"]
[Round "13"]
[White "Sasikiran, Krishnan"]
[Black "Krasenkow, Michal"]
[Result "1-0"]
[WhiteElo "2668"]
[BlackElo "2676"]
[Annotator "Ubilava, E"]
[PlyCount "61"]
[EventDate "2004.10.15"]
[Source "EDAMI"]
[SourceDate "2006.12.20"]

{Para el vencedor es una partida memorable, digna de ser seleccionada en un
libro de las mejores partidas. Yo estaba en el escenario cuando Krasenkow jugó
19...Be8 con la amenaza de sacar el alfil a g6 y pensé que habia que jugar 20.
Ng3 y si Bg6 entonces 21.Nf5 Qd7 22.Bc2, pero sorprendentemente para mí y
también para Krasenkow, Sasi tranquilamente tomó el peón en e5. Enseguida
pensé que el gran maestro indio había encontrado algo extraordinario y empecé
a profundizar en las variantes que seguían al sacrificio de dama y poco a poco
comprendí que había llegado el dia del jugador indio e iba a ganar un
encuentro memorable.   No se si el gran maestro polaco pudo salvar la partida,
pero creo que la tranquilidad y  seguridad en si mismo con la que Sasi ejecutó
el sacrificio de dama, tuvo un efecto demoledor sobre su rival.} 1. d4 d5 2. c4
e6 3. Nc3 c6 4. e3 Bd6 {Durante la preparación previa vimos una partida de
Krasenkow contra Gurevich, donde después de} (4... f5 5. g4 {las blancas
consiguieron gran ventaja, por eso el gran maestro polaco cambia el orden de
jugadas.}) 5. Qc2 f5 6. Bd3 Nf6 7. Nge2 {Desarrollando el caballo por e2 las
blancas mantienen la opción de avanzar su peón a f3 y preparar la ruptura e4.}
O-O 8. f3 Nbd7 9. Bd2 dxc4 10. Bxc4 Nb6 11. Bb3 Kh8 {
Las negras también aclaran sus intenciones y preparan el avance e5.} 12. a3 e5
13. O-O-O $5 {Un plan original que el gran maestro indio encontró sobre el
tablero y parece bastante atractivo porque tiene varias metas: refugiar el rey,
presionar el centro y además deja manos libres para preparar la ruptura h3-g4.}
Qe7 14. h3 Bd7 15. Kb1 a5 16. g4 Nfd5 17. e4 $1 {Las blancas empiezan una
presión agobiante para abrir el centro y llegar hasta el rey de su adversario.}
Nxc3+ 18. Bxc3 fxe4 19. Qxe4 $1 ({No ofrece nada especial} 19. dxe5 Bxe5 20.
Qxe4 Bf6 21. Qxe7 Bxe7 22. f4) 19... Be8 {diagrama.} 20. dxe5 $3 {Una decisión
tomada muy rápido. Como aclaró el jugador indio después de la partida, él
tenía analizada una posicion similar y entendió enseguida que el sacrificio de
dama era muy peligrosa para su contrincante. He visto por la cara de Krasenkow,
que no podía creer que este sacrificio funcionara, aunque también estaba muy
sorprendido.} ({Las blancas pierden la iniciativa después de} 20. Ng3 Nd5 21.
Nf5 Nxc3+ 22. bxc3 Qf6) 20... Bg6 21. exd6 Bxe4+ 22. Ka1 $1 Qe8 23. fxe4 a4 ({
La idea de Sasi se aclara en la variante} 23... Qxe4 24. Ng3 Qg6 25. Nh5 Rg8
26. Bxg8 Kxg8 27. Nxg7 Nd5 28. Nf5 {con enorme superioridad de las blancas.})
24. Ba2 Rf3 ({Pierde} 24... Nd5 $2 25. exd5 Qxe2 26. dxc6 bxc6 27. Rhe1 Qf3 28.
d7 {y es muy difícil para las negras luchar contra los alfiles y el peón d7.})
({También es ventajosa para las blancas la variante} 24... Nd7 25. Nd4 Rf6 26.
Nf5 Rg6 27. e5) 25. e5 Nd5 ({La secuencia} 25... Re3 26. Rhe1 Nd5 27. Bxd5 cxd5
28. Rxd5 Qc6 29. Rdd1 {
lleva a una posicion similar a la que surgió en la partida.}) 26. Bxd5 cxd5 27.
Rxd5 Qf7 28. Rdd1 Qc4 29. e6 $1 {Sasikiran dijo que en caso de} (29. d7 {
las negras podían seguir} Rd8 30. e6 Qxe6 31. Nd4 Qxd7 32. Nxf3 Qxd1+ 33. Rxd1
Rxd1+ 34. Ka2 Rd3 {y aguantar esa posición.}) 29... Qxe2 30. d7 Rd3 31. Rde1 {
!Los peones blancos son imparables!} 1-0